Bookhives english literature paper II and paper III: a comprehensive book for UGC-NET and SLET examination previous years solved papers and model papers. (Record no. 159543)
[ view plain ]
| 000 -LEADER | |
|---|---|
| fixed length control field | 00734nam a2200205Ia 4500 |
| 003 - CONTROL NUMBER IDENTIFIER | |
| control field | OSt |
| 005 - DATE AND TIME OF LATEST TRANSACTION | |
| control field | 20230626090700.0 |
| 008 - FIXED-LENGTH DATA ELEMENTS--GENERAL INFORMATION | |
| fixed length control field | 210423s9999 xx 000 0 und d |
| 020 ## - INTERNATIONAL STANDARD BOOK NUMBER | |
| International Standard Book Number | - |
| 040 ## - CATALOGING SOURCE | |
| Transcribing agency | AL |
| 041 ## - LANGUAGE CODE | |
| Language code of text/sound track or separate title | eng |
| 082 ## - DEWEY DECIMAL CLASSIFICATION NUMBER | |
| Classification number | 420.02 AHMK |
| 100 ## - MAIN ENTRY--PERSONAL NAME | |
| Personal name | AHMED (Khaleeq). |
| 9 (RLIN) | 86637 |
| 245 ## - TITLE STATEMENT | |
| Title | Bookhives english literature paper II and paper III: a comprehensive book for UGC-NET and SLET examination previous years solved papers and model papers. |
| 260 ## - PUBLICATION, DISTRIBUTION, ETC. | |
| Place of publication, distribution, etc. | New Delhi |
| Name of publisher, distributor, etc. | Bookhive |
| Date of publication, distribution, etc. | 2011 |
| 300 ## - PHYSICAL DESCRIPTION | |
| Extent | iv,516 |
| Other physical details | PB |
| 365 ## - TRADE PRICE | |
| Price amount | 390 |
| Currency code | INR |
| 906 ## - LOCAL DATA ELEMENT F, LDF (RLIN) | |
| a | Bookhives ; comprehensive ; english ; examination ; III: ; literature ; model ; paper ; papers ; papers. ; previous ; SLET ; solved ; UGC-NET ; years |
| 942 ## - ADDED ENTRY ELEMENTS (KOHA) | |
| Source of classification or shelving scheme | Dewey Decimal Classification |
| Koha item type | Book |
| Withdrawn status | Lost status | Damaged status | Not for loan | Collection code | Home library | Current library | Date acquired | Source of acquisition | Cost, normal purchase price | Total Checkouts | Full call number | Barcode | Date last seen | Date last checked out | Price effective from | Koha item type |
|---|---|---|---|---|---|---|---|---|---|---|---|---|---|---|---|---|
| MA English | St Aloysius PG Library | St Aloysius PG Library | 07/21/2011 | Athulya Books | 390.00 | 1 | 420.02 AHMK | PG006021 | 01/05/2026 | 12/29/2025 | 04/26/2021 | Book |